Enciclopedia de la construcción : instalaciones sanitarias y eléctricas. Aire acondicionado y calefacción

Bibliographic Details
Main Author: Quiroga Capovilla, Hugo
Format: Section = Libro
Language:Undetermined
Spanish
Published: España Daly [s.f.]
Subjects:
LEADER 00639nam a2200205Ia 4500
008 240829s9999 xx 000 0 und d
020 |a 84-86584-46-9 
040 |a BIBLIOTECA-RUSB/ Ref 690 Q8 
041 |a spa 
082 |a Ref 690 Q8 
100 1 |a Quiroga Capovilla, Hugo 
245 1 0 |a Enciclopedia de la construcción : instalaciones sanitarias y eléctricas. Aire acondicionado y calefacción 
260 |a España  |b Daly  |c [s.f.] 
300 |a p. irreg. :il. 
650 7 |a CONSTRUCCIONES 
650 7 |b  INSTALACIONES ELECTRICAS INTERIORES Y EXTERIORES 
650 7 |c  PLOMERIA FONTANERIA 
942 |c BK  |2 ddc 
991 |a TEXTO 
999 |c 6289